00514nam a2200193Ia 4500008004100000020001800041050001400059100002200073245002500095245005900120260001500179260001600194260000900210300001500219300002700234300001000261440004100271500000800312170918s9999 xx 000 0 und d a9780545131490 bS294 2007 aSchaefer, Lola M. aFollow me, mittens / cLola M. Schaefer ; pictures by Susan Kathleen Hartung. aNew York : bScholastic, c2007 a25 pages : bcolored illustration ; c23cm. aI can read! My first shared reading. a400